[Event "Antioquia Region-ch U14 Girls"]
[Site "Medellin"]
[Date "2013.04.04"]
[Round "2.3"]
[White "Ramirez, Manuela"]
[Black "Zapata, Luisa Fernanda"]
[Result "1-0"]
[WhiteElo "1595"]
[BlackElo "1600"]
[PlyCount "59"]
[EventDate "2013.04.04"]
[EventType "swiss"]
[EventRounds "5"]
[EventCountry "COL"]
[SourceTitle "EXT 2024"]
[Source "ChessBase"]
[SourceDate "2023.10.10"]
[SourceVersion "1"]
[SourceVersionDate "2023.10.10"]
[SourceQuality "1"]

1. e4 e5 2. Nf3 Nc6 3. Bc4 d6 4. h3 Nf6 5. Nc3 Be7 6. d3 0-0 7. Be3 Na5 8. Bd5 c6 9. Bb3 Nxb3 10. axb3 d5 11. Rxa7 Rb8 12. exd5 cxd5 13. Nxe5 Bd6 14. Bd4 Qc7 15. Nb5 Qe7 16. Nxd6 Qxd6 17. 0-0 Ne8 18. Qf3 Be6 19. Rfa1 Nc7 20. Qe3 Nb5 21. Bc5 d4 22. Bxd6 dxe3 23. Bxb8 Rxb8 24. Ra8 g6 25. Rxb8+ Kg7 26. fxe3 f6 27. Rxb7+ Kh6 28. Rxb5 fxe5 29. Rxe5 Bf5 30. e4 1-0